|
|
|
|
| LEADER |
00000naa2a2200000 4500 |
| 001 |
605603 |
| 005 |
20231101132348.0 |
| 035 |
|
|
|a (RuTPU)RU\TPU\conf\2915
|
| 035 |
|
|
|a RU\TPU\conf\2914
|
| 090 |
|
|
|a 605603
|
| 100 |
|
|
|a 20140422d2014 k y0rusy50 ca
|
| 101 |
0 |
|
|a rus
|
| 102 |
|
|
|a RU
|
| 105 |
|
|
|a y z 101zy
|
| 135 |
|
|
|a drnn ---uucaa
|
| 181 |
|
0 |
|a i
|
| 182 |
|
0 |
|a b
|
| 200 |
1 |
|
|a Рентгеноструктурные исследования пленок Co, полученных методом CVD
|f Р. Р. Хайруллин, С. И. Доровских
|
| 203 |
|
|
|a Текст
|c электронный
|
| 225 |
1 |
|
|a Технологии наноматериалов и материалов нового поколения
|
| 230 |
|
|
|a 1 компьютерный файл (pdf; 785 Кб)
|
| 300 |
|
|
|a Заглавие с титульного экрана
|
| 320 |
|
|
|a [Библиогр.: с. 163 (2 назв.)]
|
| 337 |
|
|
|a Adobe Reader
|
| 463 |
|
0 |
|0 (RuTPU)RU\TPU\conf\2834
|t Высокие технологии в современной науке и технике
|o сборник научных трудов III Международной научно-технической конференции молодых ученых, аспирантов и студентов, г. Томск, 26-28 марта 2014 г.
|f Национальный исследовательский Томский политехнический университет (ТПУ)
|v [С. 159-163]
|d 2014
|
| 610 |
1 |
|
|a труды учёных ТПУ
|
| 610 |
1 |
|
|a электронный ресурс
|
| 610 |
1 |
|
|a рентгеноструктурные исследования
|
| 610 |
1 |
|
|a пленки
|
| 610 |
1 |
|
|a кобальт
|
| 610 |
1 |
|
|a металлические пленки
|
| 610 |
1 |
|
|a химическое осаждение
|
| 610 |
1 |
|
|a газовые фазы
|
| 700 |
|
1 |
|a Хайруллин
|b Р. Р.
|c специалист в области материаловедения
|c инженер Томского политехнического университета
|f 1992-
|g Рустам Равильевич
|2 stltpush
|3 (RuTPU)RU\TPU\pers\32861
|
| 701 |
|
1 |
|a Доровских
|b С. И.
|
| 801 |
|
2 |
|a RU
|b 63413507
|c 20210421
|g RCR
|
| 856 |
4 |
|
|u http://earchive.tpu.ru/handle/11683/21078
|
| 856 |
4 |
|
|u http://www.lib.tpu.ru/fulltext/c/2014/C17/045.pdf
|
| 942 |
|
|
|c BK
|